000 00596nam a22001817a 4500
008 130821s1933 fr gr fre
040 _aCo-BoUCM
_bspa
041 0 0 _afre
100 1 _aValéry, Paul
_d1871-1945
_9109854
245 1 0 _aDiscours en l'honneur de Gooethe
_cPar Paul Valéry
260 _aParís (Francia)
_b[Editorial desconocida]
_c1933
300 _a64 páginas
650 0 4 _aDiscursos franceses
_913355
650 0 4 _aLiteratura europea
_926524
650 0 4 _aLiteratura francesa
_97794
942 _cLIBRO
_a18
_e1
_mV15D
_n0
_2DEWEY
_h845.8
999 _c87117
_d87117